00354cam a22001213 4500020001800000020001500018040001000033082002600043245006000069260004500129300002200174500003600196 a9789250072531 a9250072538 cBTCTA a639 FOO 2012 A056 Or.00aFao Yearbook. Fishery and Aquaculture Statisticsb2010. bFood and Agriculture Organizationc2012. a24, 78 p.c30 cm. aincludes CD-ROM in back of book